000 01734cam a22005414i 4500
003 PE-LiUPU
005 20250731170436.0
008 150625s1983 sp r 000 0 spa d
035 _a(Sirsi) a31765
040 _aPE-LiUPU
_bspa
_cPE-LiUPU
_erda
049 _aPRUA
082 0 4 _a155.412
_bG72
_221
100 1 _aGoodnow, J.,
_eautor.
245 1 3 _aEl dibujo infantil /
_cJ. Goodnow.
264 1 _aMadrid :
_bMorata,
_c1983.
300 _a
336 _atext
_2rdacontent
337 _aunmediated
_2rdamedia
338 _avolume
_2rdacarrier
505 0 _a¿Por qué estudiar los dibujos infantiles? -- Los dibujos como modelos -- La secuencia en los dibujos infantiles -- Copia de formas simples -- Desarrollo de equivalentes convencionales -- Desde los equivalentes antiguos a los nuevos -- Palabras finales.
526 _aSEG68
526 _aSEG70
526 _aSEG69
526 _aSEG67
526 _aSEG43
526 _aP144
526 _aP143
526 _aP131
526 _aP122
526 _aP120
526 _aP117
526 _aP112
526 _aP110
526 _aP106
526 _aP101
526 _aP80
526 _aP59
526 _aP54
526 _aP35
526 _aP33
526 _aP30
942 _2ddc
_cBOOK
949 _a155.412 G72
_wDEWEY
_c1
_i25551
_lCCODEBUL1
_mBUL
_p00.00
_r0
_sY
_tBOOK
_u2015-06-25
_xBIBLIOTECA
_zUNKNOWN
_0COMPRA
_o.STAFF. Colección Ciencias de la Salud
994 _aC0
_bPEPRU
596 _a1
999 _a155.412 G72
_wDEWEY
_c39349
_i25551
_f2021-11-3
_g4
_lCCODEBUL1
_mBUL
_r0
_sY
_tBOOK
_u2015-6-25
_xSALUD
_zUNKNOWN
_0COMPRA
_o.STAFF. Colección Ciencias de la Salud
_d39349
980 _81
_gALBERTO SANCHEZ Responsable de Automatización